000 01435cam a22003134a 4500
001 13811863
005 20060330120206.0
008 041210s2005 njua 001 0 eng
010 _a 2004276004
020 _a0131475118
040 _aDLC
_cDLC
_dDLC
042 _apcc
050 0 0 _aTA345
_b.L37 2005
082 0 0 _a620.00285536
_222
_bLAR
100 1 _aLarsen, Ronald W.
_921379
245 1 0 _aEngineering with Excel /
_cRonald W. Larsen.
250 _a2nd ed.
260 _aUpper Saddle River, NJ :
_bPrentice Hall, 2005
_cc2005.
300 _axxiii, 552 p. :
_bill. ;
_c26 cm.
500 _aIncludes index.
630 0 0 _aMicrosoft Excel (Computer file)
_921380
650 0 _aEngineering
_xData processing.
_921381
942 _2ddc
_cBB
999 _c10172
_d10172